000 00408nam a2200157Ia 4500
008 210716s1986 xx 000 0 und d
020 _a0471812927
041 _aeng
082 _a657.0285 WILJ
100 _aWilkinson, Joseph W.
245 _aAccounting and information systems.
250 _a2
260 _aNew York
_bJohn Wiley and Sons
_c1986
300 _axxii,958,I-12
650 _aAccounting(657)
999 _c202983
_d202983